书目信息 |
| 题名: |
木糖醇生产技术问答
|
|
| 作者: | 任鸿钧 编著 | |
| 分册: | ||
| 出版信息: | 北京 化学工业出版社 2008.04 |
|
| 页数: | 251页 | |
| 开本: | 21cm | |
| 丛书名: | ||
| 单 册: | ||
| 中图分类: | TS245 | |
| 科图分类: | ||
| 主题词: | 木糖醇--生产工艺 | |
| 电子资源: | ||
| ISBN: | 978-7-122-02089-5 | |
| 000 | 00829nam0 2200229 450 | |
| 001 | 003813618 | |
| 005 | 20100811161208.65 | |
| 010 | @a978-7-122-02089-5@dCNY25.00 | |
| 090 | @aTS24@brhj | |
| 100 | @a20100515d2008 em y0chiy50 ea | |
| 101 | 0 | @achi |
| 102 | @aCN@b110000 | |
| 105 | @ay z 000yy | |
| 200 | 1 | @a木糖醇生产技术问答@Amu tang chun sheng chan ji shu wen da@f任鸿钧编著@Fren hong jun bian zhu |
| 210 | @a北京@c化学工业出版社@d2008.04 | |
| 215 | @a251页@d21cm | |
| 330 | @a本书对木糖醇的生产工艺、工艺参数、生产设备、木糖醇生产的环境保护以及木糖醇生产过程中原料、辅料、半成品、成品的分析检测,特别是对生产工艺操作、操作中易出现的问题和解决的办法做了系统、详尽的叙述。 | |
| 606 | 0 | @a木糖醇@x生产工艺 |
| 690 | @aTS245@v4 | |
| 701 | 0 | @a任鸿钧@Aren hong jun@4编著 |
| 801 | @c20100515 | |
| 905 | @dTS245@eR470@f5 | |
| 木糖醇生产技术问答/任鸿钧编著.-北京:化学工业出版社,2008.04 |
| 251页;21cm |
| ISBN 978-7-122-02089-5:CNY25.00 |
| 本书对木糖醇的生产工艺、工艺参数、生产设备、木糖醇生产的环境保护以及木糖醇生产过程中原料、辅料、半成品、成品的分析检测,特别是对生产工艺操作、操作中易出现的问题和解决的办法做了系统、详尽的叙述。 |
| ● |
| 相关链接 |
|
|
|
正题名:木糖醇生产技术问答
索取号:TS245/R470
 
预约/预借
| 序号 | 登录号 | 条形码 | 馆藏地/架位号 | 状态 | 备注 |
| 1 | 1024889 | 210248891 | 自科二线504/504自科库 9排2列2层/ [索取号:TS245/R470] | 在馆 | |
| 2 | 1024890 | 210248908 | 自科二线504/504自科库 24排1列4层/ [索取号:TS245/R470] | 在馆 | |
| 3 | 1024891 | 210248917 | 自科二线504/504自科库 9排2列2层/ [索取号:TS245/R470] | 在馆 | |
| 4 | 1024892 | 210248926 | 自科二线504/504自科库 24排1列4层/ [索取号:TS245/R470] | 在馆 | |
| 5 | 1024893 | 210248935 | 自科二线504/504自科库 9排2列2层/ [索取号:TS245/R470] | 在馆 |